01519nam a22002417a 4500003000900000005001700009007000300026008004100029020001800070040002500088082001300113110006400126245029300190260003300483300002700516500046600543650004601009700004301055700004301098700003801141700003501179710006301214DO-SdBNP20250221073755.0ta110322s2019 dr d 000 0 spa d a9789945917888 aDO-SdBNPbspacBNPHU axxxbxxx1 aRepública Dominicana.bOficina Nacional de Estadísticas10aCabalidad en las respuestas a las preguntas censales en la República Dominicana :bel caso de los censos nacionales de población y vivienda de 2002 y 2010 /celaboración Francisco I. Cáceres Ureña, Darío Antonio López Villar, Mercedes Reyes Victoriano, Jhensy Sandoval Moran aSanto Domingo :bONE,c2019. a56 p. :bgraf.c28 cm. aObjetivo: Conocer la cabalidad de las respuestas registradas en cada una de las variables integrantes de las boletas correspondientes al VIII Censo Nacional de Población y Vivienda 2002 y del IX Censo Nacional de Población y Vivienda 2010, con el propósito de producir insumos para orientar el proceso de capacitación al personal contratado para la recolección de los datos, así como para justificar la inclusión o no de determinadas variables.  aRepública DominicanaxCensos - manuales12aCáceres Ureña, Francisco I.eelab.12aLópez Villar, Darío Antonioeelab.12aReyes Victoriano, Mercedeseelab.12aSandoval Moran, Jhensy eelab.1 aRepública Dominicana.bOficina Nacional de Estadística